00819nam a2200193 a 450000100060000000300090000600800410001502000180005604000280007408200170010211000480011924500380016725000060020526000310021130000110024250503000025365000370055365000350059023250CO-ViMGA141112s2004 ck r 000 u spa d a9789586538282 aCO-ViMGAbspacCO-ViMGA04a657.61 C656r aColombia. Contaduria General de la Nación10aRegimen de Contabilidad Pública a2 aColombia : bLegis, c2010 a663 p. aParte 1 : Regimen de Contabilidad Pública, libro I : Plan General de Contabilidad Pública; Libro II : Manual de procedimientos. Parte 2 : Ente regulador y responsable de la información contable pública instituciones. Parte 3 : Instrumentos de apoyo a la gestión fienanciera pública.14aContabilidad - Colombia - Normas14aContaduria publica - Colombia